| 000 | 00546nam a22001577a 4500 | ||
|---|---|---|---|
| 008 | 151026b xxu||||| |||| 00| 0 eng d | ||
| 020 | _a9966463852 | ||
| 050 | _aJQ 872 .D47 1995 | ||
| 100 |
_aProf. Oyugi, W. O. _d1995 |
||
| 245 |
_aThe Democratic Theory and Practice In Africa _cProf. W. O. Oyugi |
||
| 260 |
_aNairobi: _bEast African Educational Publishers, _c1995. |
||
| 300 |
_avi, 208p.: _bIncludes Index, _c21cm. |
||
| 650 | _aAfrican Democracy | ||
| 700 | _aDr. Gitonga, A. | ||
| 942 |
_2lcc _cSH_L_BOOKS _hJQ 872 .D47 1995 |
||
| 999 |
_c9339 _d9339 |
||